[Event "Online Olym Div4 C"]
[Site "Chess.com INT"]
[Date "2020.08.01"]
[Round "4.2"]
[White "Nosimilo, Mkhonto"]
[Black "Leboela, Maboloko"]
[Result "0-1"]
[WhiteElo "1327"]
[BlackElo "1296"]
[PlyCount "124"]
[EventDate "2020.07.31"]
[EventType "team-tourn (rapid)"]
[EventRounds "9"]
[EventCountry "USA"]
[SourceTitle "CBM 198"]
[Source "ChessBase"]
[SourceDate "2020.10.31"]
[SourceVersion "1"]
[SourceVersionDate "2020.10.31"]
[SourceQuality "1"]
[WhiteTeam "Swaziland"]
[BlackTeam "Lesotho"]
[WhiteTeamCountry "SWA"]
[BlackTeamCountry "LES"]

1. e4 c5 2. Nf3 Nc6 3. Nc3 g6 4. Be2 Bg7 5. 0-0 d6 6. d3 Nf6 7. Be3 0-0 8. Qd2 Ng4 9. Bf4 Qb6 10. h3 Nge5 11. b3 Nxf3+ 12. Bxf3 Qb4 13. e5 dxe5 14. Nd5 Qxd2 15. Bxd2 e4 16. Nc7 Rb8 17. Bxe4 Bxa1 18. Rxa1 Nd4 19. c3 Ne6 20. Nxe6 Bxe6 21. Bh6 Rfd8 22. Rd1 c4 23. bxc4 Bxc4 24. Bf4 Rbc8 25. Bxb7 Rc5 26. d4 Rb5 27. Ba6 Rf5 28. Bxc4 Rxf4 29. g3 Rf3 30. Kg2 Rxc3 31. Bb3 e5 32. d5 Kf8 33. Re1 f6 34. Re4 Ke7 35. Ra4 Rd7 36. Rb4 a5 37. Rb8 h5 38. Rh8 Kd6 39. Rg8 g5 40. Rg6 Rf7 41. Kh2 Rxb3 42. axb3 Kxd5 43. Rg8 Ra7 44. Rb8 f5 45. Rb5+ Kd4 46. Kg2 f4 47. gxf4 gxf4 48. f3 a4 49. bxa4 Rxa4 50. Rb6 Ke3 51. Rh6 Ra2+ 52. Kg1 Kxf3 53. Rxh5 e4 54. Rd5 e3 55. h4 e2 56. Re5 Ra1+ 57. Kh2 e1Q 58. Rxe1 Rxe1 59. h5 Re8 60. h6 Kf2 61. Kh3 f3 62. Kg4 Kg2 0-1

[Event "Online Olym Div4 C"]
[Site "Chess.com INT"]
[Date "2020.07.31"]
[Round "2.1"]
[White "Tchouateu, Tankeu Stephanie"]
[Black "Leboela, Maboloko"]
[Result "0-1"]
[WhiteElo "1280"]
[BlackElo "1296"]
[PlyCount "48"]
[EventDate "2020.07.31"]
[EventType "team-tourn (rapid)"]
[EventRounds "9"]
[EventCountry "USA"]
[SourceTitle "CBM 198"]
[Source "ChessBase"]
[SourceDate "2020.10.31"]
[SourceVersion "1"]
[SourceVersionDate "2020.10.31"]
[SourceQuality "1"]
[WhiteTeam "Cameroon"]
[BlackTeam "Lesotho"]
[WhiteTeamCountry "CAM"]
[BlackTeamCountry "LES"]

1. d4 Nf6 2. e3 d6 3. Nf3 g6 4. Be2 Bg7 5. 0-0 0-0 6. c4 Nc6 7. Nbd2 Bd7 8. b3 Re8 9. Bb2 e5 10. d5 Ne7 11. Qc2 Rc8 12. e4 c6 13. Ng5 cxd5 14. exd5 Nexd5 15. Nge4 Nxe4 16. Qxe4 Nf6 17. Qxb7 Qa5 18. Rfd1 Bc6 19. b4 Qa4 20. Qxc8 Rxc8 21. b5 Bb7 22. Nb3 Nd7 23. Rxd6 Nc5 24. Rd7 Nxd7 0-1

[Event "Olympiad Women-42"]
[Site "Baku"]
[Date "2016.09.09"]
[Round "7.1"]
[White "Mentile, Lishen"]
[Black "Leboela, Maboloko"]
[Result "1-0"]
[WhiteElo "1480"]
[BlackElo "1406"]
[PlyCount "99"]
[EventDate "2016.09.02"]
[EventType "team-swiss"]
[EventRounds "11"]
[EventCountry "AZE"]
[SourceTitle "CBM 174 Extra"]
[Source "ChessBase"]
[SourceDate "2016.10.10"]
[SourceVersion "1"]
[SourceVersionDate "2016.10.10"]
[SourceQuality "1"]
[WhiteTeam "Namibia (W)"]
[BlackTeam "Lesotho (W)"]
[WhiteTeamCountry "NAM"]
[BlackTeamCountry "LES"]

1. e4 e5 2. Nf3 Nc6 3. Bc4 Bc5 4. Nc3 Nf6 5. 0-0 0-0 6. a3 a6 7. Re1 d6 8. h3 b5 9. Ba2 Bb7 10. d3 h6 11. Nd5 Nd4 12. c3 Nxf3+ 13. Qxf3 Nxd5 14. Bxd5 Bxd5 15. exd5 Re8 16. Qg4 Qf6 17. Be3 Bxe3 18. Rxe3 Rad8 19. Rae1 Kf8 20. Qb4 Qe7 21. d4 f6 22. f4 Qf7 23. dxe5 fxe5 24. fxe5 Qxd5 25. Qf4+ Kg8 26. e6 Re7 27. Qe4 Qxe4 28. Rxe4 d5 29. R4e2 Rd6 30. Kf2 g5 31. Kg3 Kg7 32. Kg4 Kf6 33. Rf1+ Kg6 34. Rfe1 h5+ 35. Kg3 c5 36. h4 g4 37. Re5 Rd8 38. Rg5+ Kh6 39. Ree5 d4 40. Rxc5 d3 41. Rxh5+ Kg6 42. Rhd5 Ree8 43. e7 Ra8 44. Rxd3 Rxe7 45. Rg5+ Kf6 46. Rxg4 Re2 47. Rf4+ Ke5 48. Rf2 Rg8+ 49. Kf3 Rf8+ 50. Kxe2 1-0